Pohľad slovenskej verejnosti na terorizmus ako hrozby pre svet a pre Slovensko (na základe výsledkov výskumov verejnej mienky)

Názor verejnosti, resp. verejná mienka, na hrozbu terorizmu pre slovenských občanov a pre svet. Akou hrozbou je pre našich občanov medzinárodný terorizmus? Terorizmus je považovaný slovenskou verejnosťou za najväčšiu hrozbu pre súčasný svet. Podobný názor má aj Česká republika a Maďarsko. Najväčšou...

Descrizione completa

Salvato in:
Dettagli Bibliografici
Autore principale: Čukan, Karol
Natura: Capitolo di libro
Lingua:slovacco
Soggetti:
Tags: Aggiungi Tag
Nessun Tag, puoi essere il primo ad aggiungerne!!

MARC

LEADER 00000naa$a2200000$$$4500
001 0040116
005 20221128095351.6
041 0 |a slo 
044 |a SK 
245 1 0 |a Pohľad slovenskej verejnosti na terorizmus ako hrozby pre svet a pre Slovensko (na základe výsledkov výskumov verejnej mienky)  |c Karol Čukan 
520 |a Názor verejnosti, resp. verejná mienka, na hrozbu terorizmu pre slovenských občanov a pre svet. Akou hrozbou je pre našich občanov medzinárodný terorizmus? Terorizmus je považovaný slovenskou verejnosťou za najväčšiu hrozbu pre súčasný svet. Podobný názor má aj Česká republika a Maďarsko. Najväčšou hrozbou pre Slovensko (podľa prieskumov) nie je priamy teroristický útok, ale drogy, organizovaný zločin, chudoba, prírodné katastrofy a znečisťovanie prírodného prostredia. 
610 2 0 |a terorizmus 
610 2 0 |a mienka verejná 
610 2 0 |a výskum 
610 2 0 |a obyvateľstvo 
610 2 0 |a Slovensko 
100 1 |a Čukan, Karol